[Event "Llinars del Valles op-A 10th"]
[Site "Llinars del Valles"]
[Date "2016.04.30"]
[Round "5"]
[White "Serrano Moron, Eloi"]
[Black "Maria Oproae, Alex Maria"]
[Result "1-0"]
[WhiteElo "1672"]
[BlackElo "1539"]
[PlyCount "67"]
[EventDate "2016.04.02"]
[EventType "swiss"]
[EventRounds "9"]
[EventCountry "ESP"]
[SourceTitle "CBM 172 Extra"]
[Source "ChessBase"]
[SourceDate "2016.06.21"]
[SourceVersion "1"]
[SourceVersionDate "2016.06.21"]
[SourceQuality "1"]

1. c4 e5 2. Nc3 d6 3. g3 f5 4. Bg2 Nf6 5. d3 Be7 6. Qb3 c6 7. Nf3 Na6 8. Be3 Nc7 9. 0-0 c5 10. h3 0-0 11. Bd2 Qe8 12. Nh2 Qh5 13. e4 fxe4 14. g4 Qg6 15. dxe4 h5 16. g5 h4 17. Nb5 Nfe8 18. Nxc7 Nxc7 19. Nf3 Qxe4 20. Rae1 Qg6 21. Nxh4 Qh5 22. Qg3 Ne6 23. Bf3 Qf7 24. Bd5 Kh8 25. f4 Qh5 26. Bf3 Qf7 27. Bd5 Qh5 28. Bxe6 Bxe6 29. f5 Bxc4 30. Ng6+ Kg8 31. Nxe7+ Kf7 32. Ng6 Bxf1 33. Rxf1 Rfe8 34. Qb3+ 1-0

[Event "Llinars del Valles op-A 10th"]
[Site "Llinars del Valles"]
[Date "2016.04.16"]
[Round "3"]
[White "Gonzalez Cominelli, Alejo Gabriel"]
[Black "Maria Oproae, Alex Maria"]
[Result "1-0"]
[WhiteElo "1781"]
[BlackElo "1539"]
[PlyCount "83"]
[EventDate "2016.04.02"]
[EventType "swiss"]
[EventRounds "9"]
[EventCountry "ESP"]
[SourceTitle "CBM 172 Extra"]
[Source "ChessBase"]
[SourceDate "2016.06.21"]
[SourceVersion "1"]
[SourceVersionDate "2016.06.21"]
[SourceQuality "1"]

1. Nf3 d6 2. c4 e5 3. Nc3 f5 4. d3 Nf6 5. Qc2 Be7 6. g3 0-0 7. Bg2 Qe8 8. e3 c6 9. b3 Na6 10. a3 Nc5 11. Bb2 Qh5 12. h3 Be6 13. 0-0-0 Qe8 14. Ng5 Bd7 15. f4 exf4 16. gxf4 Nh5 17. Nf3 Bf6 18. Rde1 b5 19. Nd2 Bh4 20. Rd1 Qxe3 21. cxb5 Nxf4 22. bxc6 Be8 23. Bf3 Qxd3 24. Kb1 Qxc2+ 25. Kxc2 Bf7 26. b4 Na6 27. Kb1 Nc7 28. Rdf1 Bd5 29. Nxd5 Nfxd5 30. Nc4 Rad8 31. Rd1 Ne7 32. Nxd6 Bf6 33. Nb7 Rxd1+ 34. Rxd1 Bxb2 35. Kxb2 Ng6 36. Rd7 Ne5 37. Rxc7 Nxf3 38. Nd6 a6 39. Rc8 Rxc8 40. Nxc8 Nd4 41. Ne7+ Kf8 42. c7 1-0

[Event "Llinars del Valles op-B 8th"]
[Site "Llinars del Valles"]
[Date "2015.05.09"]
[Round "5"]
[White "Maria Oproae, Alex Maria"]
[Black "Mallol Descarrega, Aleix"]
[Result "1-0"]
[WhiteElo "1860"]
[BlackElo "1823"]
[PlyCount "35"]
[EventDate "2015.04.11"]
[EventType "swiss"]
[EventRounds "9"]
[EventCountry "ESP"]
[SourceTitle "EXT 2016"]
[Source "ChessBase"]
[SourceDate "2015.10.08"]
[SourceVersion "1"]
[SourceVersionDate "2015.10.08"]
[SourceQuality "1"]

1. e4 e5 2. Nf3 Nc6 3. c3 Nf6 4. d4 exd4 5. e5 Nd5 6. cxd4 Bb4+ 7. Bd2 d6 8. Bxb4 Ndxb4 9. d5 Nxe5 10. Nxe5 dxe5 11. Qa4+ c6 12. Qxb4 Qxd5 13. Nc3 Qe6 14. Ne4 f5 15. Nd6+ Kd7 16. Nxb7 Rb8 17. Nc5+ Ke8 18. Qxb8 1-0

[Event "Llinars del Valles op-B 8th"]
[Site "Llinars del Valles"]
[Date "2015.04.25"]
[Round "3"]
[White "Maria Oproae, Alex Maria"]
[Black "Garrido Sanchez, Daniel"]
[Result "1/2-1/2"]
[WhiteElo "1860"]
[BlackElo "1814"]
[PlyCount "65"]
[EventDate "2015.04.11"]
[EventType "swiss"]
[EventRounds "9"]
[EventCountry "ESP"]
[SourceTitle "EXT 2016"]
[Source "ChessBase"]
[SourceDate "2015.10.08"]
[SourceVersion "1"]
[SourceVersionDate "2015.10.08"]
[SourceQuality "1"]

1. e4 c5 2. Nf3 Nc6 3. d4 cxd4 4. Nxd4 Nf6 5. Nc3 e6 6. Bg5 Be7 7. Be3 0-0 8. f3 a6 9. Qd2 b5 10. h4 Nh5 11. Bf2 b4 12. Nxc6 bxc3 13. Nxe7+ Qxe7 14. Qxc3 Bb7 15. 0-0-0 Rfc8 16. Qd2 Nf6 17. g4 d5 18. g5 Nd7 19. Re1 dxe4 20. fxe4 Ne5 21. Rh3 Nc6 22. a3 e5 23. Rd3 a5 24. Bh3 Rd8 25. Rxd8+ Rxd8 26. Qc3 Kh8 27. Bb6 Rb8 28. Bxa5 Nd4 29. Qc7 Qxc7 30. Bxc7 Ra8 31. Bxe5 Nf3 32. Bxg7+ Kxg7 33. h5 1/2-1/2

[Event "Llinars del Valles op-B 8th"]
[Site "Llinars del Valles"]
[Date "2014.06.21"]
[Round "8"]
[White "Espada Espanol, Gil"]
[Black "Maria Oproae, Alex Maria"]
[Result "0-1"]
[WhiteElo "1777"]
[BlackElo "1886"]
[PlyCount "78"]
[EventDate "2014.04.26"]
[EventType "swiss"]
[EventRounds "8"]
[EventCountry "ESP"]
[SourceTitle "EXT 2018"]
[Source "ChessBase"]
[SourceDate "2017.10.13"]
[SourceVersion "1"]
[SourceVersionDate "2017.10.13"]
[SourceQuality "1"]

1. e4 c5 2. Nc3 Nc6 3. Bc4 e6 4. Nf3 a6 5. a3 Nf6 6. d3 d5 7. exd5 exd5 8. Ba2 Qe7+ 9. Ne2 Bg4 10. Bf4 Bxf3 11. gxf3 Nd4 12. 0-0 Nxf3+ 13. Kh1 g5 14. Bg3 Bg7 15. Ng1 Nd4 16. Re1 Ne6 17. Be5 0-0 18. Bxf6 Qxf6 19. Rb1 Nc7 20. Nh3 Rfe8 21. Rg1 h6 22. c3 Re5 23. d4 cxd4 24. cxd4 Re4 25. Qc2 g4 26. Qxc7 Qf3+ 27. Rg2 gxh3 28. Qg3 hxg2+ 29. Qxg2 Qxg2+ 30. Kxg2 Rxd4 31. Rc1 Rg4+ 32. Kf3 h5 33. b4 Rd8 34. h3 Rg6 35. Rd1 d4 36. Bc4 Rc6 37. Bd3 Rc3 38. a4 Re8 39. Rd2 Bh6 0-1

[Event "NED-ch U12 op"]
[Site "Borne"]
[Date "2013.08.08"]
[Round "8"]
[White "Wouters, Colin"]
[Black "Maria Oproae, Alex Maria"]
[Result "0-1"]
[WhiteElo "1263"]
[BlackElo "1423"]
[PlyCount "90"]
[EventDate "2013.08.05"]
[EventType "swiss"]
[EventRounds "13"]
[EventCountry "NED"]
[SourceTitle "EXT 2015"]
[Source "ChessBase"]
[SourceDate "2014.11.20"]
[SourceVersion "1"]
[SourceVersionDate "2014.11.20"]
[SourceQuality "1"]

1. e4 Nf6 2. Nc3 d5 3. e5 Nfd7 4. d4 e6 5. Nf3 c5 6. Bf4 cxd4 7. Nxd4 Bc5 8. Nf3 Qb6 9. Bg3 Qxb2 10. Nb5 Na6 11. a3 0-0 12. Rb1 Qa2 13. Rb3 Bb6 14. Nc3 Ba5 15. Nd2 Bxc3 16. Rxc3 Qb2 17. Rb3 Qd4 18. Rd3 Qb6 19. Rb3 Qc7 20. Bxa6 bxa6 21. Nf3 Nb6 22. 0-0 Bd7 23. Qd3 Bb5 24. Rc3 Bxd3 25. Rxc7 Bxf1 26. Kxf1 Rfc8 27. Re7 Kf8 28. Bh4 h6 29. Rb7 g5 30. Nxg5 hxg5 31. Bxg5 Rxc2 32. h4 Kg7 33. h5 d4 34. Bf6+ Kh6 35. g4 d3 36. f4 Rc1+ 37. Kf2 d2 38. Bg5+ Kg7 39. Bf6+ Kg8 40. h6 d1Q 41. h7+ Kxh7 42. Rxf7+ Kg8 43. Rg7+ Kf8 44. g5 Qg1+ 45. Kf3 Rc3+ 0-1

[Event "NED-ch U12 op"]
[Site "Borne"]
[Date "2013.08.06"]
[Round "2"]
[White "Kroon, Joppe"]
[Black "Maria Oproae, Alex Maria"]
[Result "1/2-1/2"]
[WhiteElo "1241"]
[BlackElo "1423"]
[PlyCount "61"]
[EventDate "2013.08.05"]
[EventType "swiss"]
[EventRounds "13"]
[EventCountry "NED"]
[SourceTitle "EXT 2015"]
[Source "ChessBase"]
[SourceDate "2014.11.20"]
[SourceVersion "1"]
[SourceVersionDate "2014.11.20"]
[SourceQuality "1"]

1. e4 c5 2. Nf3 Nc6 3. d4 cxd4 4. Nxd4 Nf6 5. Nc3 e5 6. Nf5 d5 7. Ng3 Bb4 8. Bd2 Bxc3 9. Bxc3 Nxe4 10. Nxe4 dxe4 11. Qxd8+ Kxd8 12. 0-0-0+ Ke7 13. Bb5 Bg4 14. Rde1 f6 15. Rxe4 Bf5 16. Re3 Rad8 17. Bxc6 bxc6 18. Bb4+ Ke6 19. Rc3 Be4 20. f3 Bd5 21. a3 h5 22. Rc5 Kd7 23. Ra5 Ra8 24. Bc5 Rh6 25. Rxa7+ Rxa7 26. Bxa7 Rg6 27. Rg1 Kd6 28. Rd1 Ke6 29. Rd2 f5 30. Bc5 Rf6 31. b3 1/2-1/2